Después de la integración: las preferencias sociales equilibradas con el crecimiento /

Guardat en:
Dades bibliogràfiques
Autor principal: Deppler, Michael
Format: Text
Matèries:
Etiquetes: Afegir etiqueta
Sense etiquetes, Sigues el primer a etiquetar aquest registre!

MARC

LEADER 00000 a a2200000 04500
001 8079
003
040
100 |a Deppler, Michael  
245 |a Después de la integración:   |b las preferencias sociales equilibradas con el crecimiento /  |c Michael Deppler 
650 |a EUROPA  
650 |a INTEGRACION ECONOMICA  
650 |a POLITICA ECONOMICA  
650 |a CRECIMIENTO ECONOMICO  
650 |a RECESION ECONOMICA  
650 |a POLITICA SOCIAL  
650 |a BIENESTAR SOCIAL  
773 |g volumen 41, número 2; páginas 8-13  
999 |c 34675  |d 34675